000 00259nam a22001097a 4500
008 240715b |||||||| |||| 00| 0 eng d
100 _aManohardas, Kaurmal
_917036
245 _aHind Too
260 _aSind:
_bAdarsh Sahitya;
_c-
300 _a170p.
942 _cBK
999 _c40386
_d40386